000 01241nam a2200217Ia 4500
003 Ost
005 20260507075245.0
008 260507s9999||||xx |||||||||||||| ||und||
040 _cfsecg
041 _aara
082 _a330
100 _aالنداوي، عبد العزيز بدر
_eمؤلف
245 0 _aالاتجاهات المعاصرة في ادارة المشتريات و المخازن /
_c عبد العزيز بدر النداوي
260 _aعمان:
_bدار المسيرة,
_c2010
300 _a240 صفحة؛
_bإيضاحات ؛
_c24 سم
504 _aمراجع ص.239 ؛ فهرس الاشكال ص.14
520 _a1)ادارة المواد : مفاهيم ادارية في مجال الادارة و الأعمال ، ادارة المواد ، 2) وظيفة الشراء: تنظيم و ادارة الشراء ، الشراء بالجودة المناسبة و بالكمية المناسبة ، الشراء بالسعر و الوقت المناسب 3) ادارة المخازن : مفاهيم حول الخزين و ادارة المخازن ، الرقابة على المخزون ، اجراءات الخزين .
653 _aأدارة المبيعات
653 _aالشراء
942 _cكتاب
999 _c43653
_d43653